000 00538nam a2200205Ia 4500
005 20251118113404.0
008 230125s9999 xx 000 0 und d
020 _a81-7544-026-0
041 _aeng
082 _a158.1
_bRAJ
100 _aRaju M S
_9214982
245 _aJob hunting-What a how of it?
260 _c1997
_bWheeler Publishing
_aNew Delhi
300 _a141p
500 _aHR,Job hunting
500 _aPersonality Development,
650 _aPersonality Development
_9213420
700 _aRaju M S
_9214982
942 _cBK
999 _c87569
_d87569